000
00259nam a2200109Ia 4500
008
191201s2012 xx 000 0 und d
100
_a
GILL,P S
245
0
_a
Engineering Drawing
260
_c
2012
_b
S.K.Kataria
_a
NEW DELHI
300
_a
678
942
_2
ddc
_c
BK
_0
4
999
_c
8082
_d
8082